[Event "Chessemy Open 2022"]
[Site "Reinstorf"]
[Date "2022.02.05"]
[Round "8.14"]
[White "Skytte, Robert"]
[Black "Uhlenbrock, Sven"]
[Result "1-0"]
[WhiteElo "1180"]
[BlackElo "1629"]
[Annotator "NA RC"]
[PlyCount "46"]
[EventDate "2022.01.29"]
[EventType "swiss"]
[EventCountry "GER"]
[SourceTitle "playchess.com"]
[Source "ChessBase"]
[SourceQuality "1"]

1. e4 d6 2. d4 Nf6 3. Nc3 e5 4. Nf3 Nbd7 5. Bc4 Be7 6. O-O O-O 7. h3 c6 8. a4 a5 9. Re1 Nb6 10. Bf1 exd4 11. Nxd4 d5 12. e5 Ne8 13. Nce2 f6 14. Nf4 Nc7 15. e6 Ne8 16. Qh5 f5 17. Nxf5 Rxf5 18. Qxf5 Nf6 19. Bd3 Qe8 20. Be3 g6 21. Qe5 Nc4 22. Bxc4 dxc4 23. Rad1 b5 1-0

[Event "Chessemy Open 2022"]
[Site "Reinstorf"]
[Date "2022.02.05"]
[Round "8.15"]
[White "Ermitsch, Magnus"]
[Black "Hoffmann, Hendrik"]
[Result "1-0"]
[WhiteElo "2127"]
[BlackElo "2245"]
[Annotator "TA"]
[PlyCount "59"]
[EventDate "2022.01.29"]
[EventType "swiss"]
[EventCountry "GER"]
[SourceTitle "playchess.com"]
[Source "ChessBase"]
[SourceQuality "1"]

1. e4 d6 2. d4 Nf6 3. Nc3 g6 4. Bg5 Bg7 5. Qd2 O-O 6. O-O-O c6 7. h4 b5 8. f3 b4 9. Nce2 Qa5 10. Kb1 Ba6 11. h5 Nbd7 12. Bh6 c5 13. Bxg7 Kxg7 14. hxg6 fxg6 15. Nf4 Rf7 16. Bxa6 Qxa6 17. Ne6+ Kg8 18. Nc7 Qc6 19. Nxa8 Qxa8 20. Nh3 Qb8 21. Ng5 Rg7 22. dxc5 dxc5 23. Qd3 Kh8 24. Qc4 Nb6 25. Qxc5 Na4 26. Qc4 e6 27. Qxe6 Nc3+ 28. bxc3 bxc3+ 29. Qb3 Rb7 30. Rd8+ 1-0

[Event "Chessemy Open 2022"]
[Site "Reinstorf"]
[Date "2022.02.05"]
[Round "8.16"]
[White "Ermitsch, Michael"]
[Black "Kugler, Florian"]
[Result "0-1"]
[WhiteElo "2103"]
[BlackElo "2222"]
[Annotator "TA"]
[PlyCount "104"]
[EventDate "2022.01.29"]
[EventType "swiss"]
[EventCountry "GER"]
[SourceTitle "playchess.com"]
[Source "ChessBase"]
[SourceQuality "1"]

1. e4 e5 2. Nf3 Nc6 3. Bb5 a6 4. Ba4 Nf6 5. O-O Be7 6. d3 b5 7. Bb3 O-O 8. a4 Bb7 9. Re1 d6 10. c3 Na5 11. Bc2 c5 12. d4 Qc7 13. d5 Nd7 14. b4 Nc4 15. a5 Rac8 16. Ra2 h6 17. g4 Qd8 18. Nbd2 cxb4 19. cxb4 Nf6 20. h3 Nh7 21. Kg2 Ng5 22. Ng1 Rc7 23. Nf1 Bc8 24. Ng3 Nh7 25. Bd3 Bg5 26. Rc2 Bd7 27. Qe2 g6 28. Nf3 Bf4 29. Nf1 h5 30. N1h2 Bxh2 31. Nxh2 hxg4 32. hxg4 Qc8 33. Bh6 Re8 34. Rec1 Re7 35. g5 f5 36. gxf6 Nxf6 37. Bxc4 bxc4 38. Bg5 Qf8 39. Qe3 Rh7 40. Qf3 Rf7 41. Bxf6 Rxf6 42. Qg3 Qc8 43. Rc3 Kg7 44. Rh1 Rf4 45. f3 Qb8 46. Rb1 Qh8 47. Nf1 Qh6 48. Ne3 Rh4 49. Kf2 Rh2+ 50. Ke1 Rh3 51. Qf2 Rh1+ 52. Nf1 Bh3 0-1

[Event "Chessemy Open 2022"]
[Site "Reinstorf"]
[Date "2022.02.05"]
[Round "8.16"]
[White "Back, Andreas"]
[Black "Krause, Helmut"]
[Result "1-0"]
[WhiteElo "1454"]
[BlackElo "1595"]
[Annotator "NA RC"]
[PlyCount "73"]
[EventDate "2022.01.29"]
[EventType "swiss"]
[EventCountry "GER"]
[SourceTitle "playchess.com"]
[Source "ChessBase"]
[SourceQuality "1"]

1. e4 c5 2. Nf3 a6 3. d4 cxd4 4. Nxd4 Nf6 5. Nc3 e5 6. Nf3 Bb4 7. Bd2 d6 8. Bd3 O-O 9. a3 Bxc3 10. Bxc3 Nbd7 11. O-O Nc5 12. h3 Nfxe4 13. Bxe4 Nxe4 14. Bb4 a5 15. Re1 Bf5 16. Bd2 Nxd2 17. Qxd2 Rc8 18. c3 h6 19. b4 b6 20. Re3 Rc4 21. Rc1 Re8 22. Kh2 Be6 23. Rd3 axb4 24. axb4 Qc7 25. Rxd6 Rc8 26. Nxe5 Rxc3 27. Rxc3 Qxc3 28. Qxc3 Rxc3 29. Rxb6 Rc2 30. f3 Kf8 31. Kg3 Ke7 32. Nc6+ Kd7 33. Nd4 Rc1 34. Nxe6 fxe6 35. Rb7+ Kd6 36. Rxg7 Rb1 37. Rh7 1-0

[Event "Chessemy Open 2022"]
[Site "Reinstorf"]
[Date "2022.02.05"]
[Round "8.17"]
[White "Kaeding, Rainer"]
[Black "Hommer, Jeremy"]
[Result "1/2-1/2"]
[WhiteElo "2095"]
[BlackElo "2220"]
[Annotator "TA"]
[PlyCount "41"]
[EventDate "2022.01.29"]
[EventType "swiss"]
[EventCountry "GER"]
[SourceTitle "playchess.com"]
[Source "ChessBase"]
[SourceQuality "1"]

1. d4 e6 2. c4 Nf6 3. Nf3 d5 4. e3 Be7 5. b3 O-O 6. Bd3 b6 7. O-O Bb7 8. Bb2 Nbd7 9. Nbd2 c5 10. Qe2 Rc8 11. Rac1 Rc7 12. Rfd1 Qa8 13. cxd5 Nxd5 14. Bb1 Rfc8 15. Qd3 Nf8 16. a3 Rd8 17. Qe2 Qc8 18. dxc5 Ba6 19. Qe1 Bxc5 20. Ne4 Be7 21. Ne5 1/2-1/2

[Event "Chessemy Open 2022"]
[Site "Reinstorf"]
[Date "2022.02.05"]
[Round "8.18"]
[White "Redzisz, Michal"]
[Black "De Winter, Arthur"]
[Result "1-0"]
[WhiteElo "2261"]
[BlackElo "2122"]
[Annotator "TA"]
[PlyCount "97"]
[EventDate "2022.01.29"]
[EventType "swiss"]
[EventCountry "GER"]
[SourceTitle "playchess.com"]
[Source "ChessBase"]
[SourceQuality "1"]

1. e4 c5 2. Nf3 Nc6 3. d4 cxd4 4. Nxd4 Nf6 5. Nc3 e5 6. Ndb5 d6 7. Nd5 Nxd5 8. exd5 Nb8 9. c4 a6 10. Qa4 Bd7 11. Qa3 Bxb5 12. cxb5 Be7 13. Be2 O-O 14. O-O Nd7 15. bxa6 bxa6 16. Kh1 f5 17. f4 Nf6 18. Be3 Kh8 19. Rad1 Qd7 20. fxe5 dxe5 21. d6 Bd8 22. b4 f4 23. Bc5 Qb7 24. Qc3 Bb6 25. Qxe5 Rae8 26. Bf3 Rxe5 27. Bxb7 Bxc5 28. bxc5 Rxc5 29. Rxf4 a5 30. h3 Rd8 31. Rfd4 Kg8 32. a4 Re5 33. Kh2 Kf7 34. Ba6 Re4 35. Bc4+ Kf8 36. Rxe4 Nxe4 37. Rf1+ Nf6 38. Rf5 Rxd6 39. Rxa5 Nd7 40. Rf5+ Nf6 41. a5 Rc6 42. Bb5 Rc3 43. a6 Ke7 44. Rf3 Rc7 45. Ra3 Ra7 46. Bd3 Kd6 47. Kg3 Ke5 48. Ra4 Rd7 49. Bxh7 1-0

[Event "Chessemy Open 2022"]
[Site "Reinstorf"]
[Date "2022.02.05"]
[Round "8.19"]
[White "Stotyn, Fabian"]
[Black "Wolf, Andre"]
[Result "1/2-1/2"]
[WhiteElo "2174"]
[BlackElo "2121"]
[Annotator "NA RC"]
[PlyCount "111"]
[EventDate "2022.01.29"]
[EventType "swiss"]
[EventCountry "GER"]
[SourceTitle "playchess.com"]
[Source "ChessBase"]
[SourceQuality "1"]

1. e4 e5 2. Nf3 Nc6 3. d4 exd4 4. Nxd4 Qf6 5. Nf5 Bc5 6. Nc3 Nge7 7. Ne3 d6 8. Be2 O-O 9. O-O Qd4 10. Bd3 f5 11. Nb5 Qe5 12. Nxc7 Rb8 13. exf5 Nxf5 14. Bxf5 Bxf5 15. Qd5+ Qxd5 16. Ncxd5 Be4 17. c3 a5 18. Bd2 Ne5 19. b4 Ba7 20. bxa5 Rbe8 21. Nb6 Rf6 22. f4 Nd3 23. g3 Bxb6 24. axb6 d5 25. c4 dxc4 26. Nxc4 Rc6 27. Ne5 Rxb6 28. Bc3 Rc8 29. Nxd3 Bxd3 30. Rfc1 Rbc6 31. Bd2 Rxc1+ 32. Bxc1 Rc2 33. Be3 Be4 34. Bf2 Rb2 35. g4 Rb1+ 36. Rxb1 Bxb1 37. a3 g6 38. Bd4 h5 39. h3 hxg4 40. hxg4 Kf7 41. Kf2 Be4 42. Kg3 Bd5 43. Kh4 Bc6 44. Kg5 Bf3 45. a4 Bd1 46. a5 Bf3 47. f5 gxf5 48. Kxf5 Kg8 49. g5 Bh1 50. g6 Bg2 51. Ke6 Be4 52. g7 Bf3 53. Kd6 Bg2 54. Kc7 Bf3 55. Kb6 Bg2 56. a6 1/2-1/2

[Event "Chessemy Open 2022"]
[Site "Reinstorf"]
[Date "2022.02.05"]
[Round "8.20"]
[White "Monninger, Moritz"]
[Black "Budzyn, Matthias"]
[Result "0-1"]
[WhiteElo "2064"]
[BlackElo "2139"]
[Annotator "TA"]
[PlyCount "82"]
[EventDate "2022.01.29"]
[EventType "swiss"]
[EventCountry "GER"]
[SourceTitle "playchess.com"]
[Source "ChessBase"]
[SourceQuality "1"]

1. d4 Nf6 2. Bg5 d5 3. e3 c5 4. Bxf6 exf6 5. dxc5 Bxc5 6. Nc3 Be6 7. Bb5+ Nc6 8. Qh5 Qb6 9. O-O-O O-O 10. Nge2 Rfd8 11. Bd3 g6 12. Qh4 Be7 13. Nd4 f5 14. Qf4 Bf6 15. h4 Nxd4 16. exd4 Qxd4 17. Qxd4 Bxd4 18. Bxf5 Bxf2 19. Bh3 Bxh4 20. Kb1 Bf6 21. Nb5 Rac8 22. Nd4 Bxd4 23. Rxd4 Rc4 24. Rd2 Rh4 25. b3 Bxh3 26. gxh3 f5 27. c4 d4 28. Rd3 Kf7 29. b4 Kf6 30. b5 b6 31. Rc1 Rc8 32. Kb2 Re4 33. a4 Ke5 34. a5 Re2+ 35. Kb1 Re3 36. Rd2 Rb3+ 37. Ka2 Rxh3 38. c5 bxc5 39. b6 axb6 40. axb6 Ra8+ 41. Kb2 Kd6 0-1

[Event "Chessemy Open 2022"]
[Site "Reinstorf"]
[Date "2022.02.05"]
[Round "8.21"]
[White "Gohla, Ulf"]
[Black "Gressmann, Hanna"]
[Result "1-0"]
[WhiteElo "2139"]
[BlackElo "1892"]
[Annotator "TA"]
[PlyCount "79"]
[EventDate "2022.01.29"]
[EventType "swiss"]
[EventCountry "GER"]
[SourceTitle "playchess.com"]
[Source "ChessBase"]
[SourceQuality "1"]

1. d4 d5 2. c4 c6 3. Nf3 Nf6 4. e3 Bf5 5. Nc3 e6 6. Be2 Be7 7. Nh4 Be4 8. f3 Bg6 9. Nxg6 hxg6 10. e4 dxc4 11. Bxc4 Qc7 12. e5 Nd5 13. O-O Nd7 14. Bxd5 exd5 15. Bf4 Nf8 16. Rc1 Qd7 17. Qa4 g5 18. Be3 Ne6 19. Ne2 Rh4 20. Bf2 Rh8 21. Bg3 g6 22. Qc2 Kf8 23. Qd3 Kg7 24. f4 gxf4 25. Nxf4 Bg5 26. Nxe6+ Qxe6 27. Rc3 Rhc8 28. Qf3 Be7 29. Bf2 f6 30. exf6+ Qxf6 31. Qh3 Rf8 32. Rf3 Qg5 33. Be3 Rxf3 34. Qxf3 Qf6 35. Qh3 Qh4 36. Qe6 Rf8 37. Rxf8 Bxf8 38. Qe5+ Qf6 39. Bh6+ Kf7 40. Qxf6+ 1-0

[Event "Chessemy Open 2022"]
[Site "Reinstorf"]
[Date "2022.02.05"]
[Round "8.22"]
[White "Bui, Bao Anh Le"]
[Black "Acarbay, Algi"]
[Result "1-0"]
[WhiteElo "2132"]
[BlackElo "1992"]
[Annotator "TA"]
[PlyCount "91"]
[EventDate "2022.01.29"]
[EventType "swiss"]
[EventCountry "GER"]
[SourceTitle "playchess.com"]
[Source "ChessBase"]
[SourceQuality "1"]

1. e4 c5 2. Nf3 g6 3. c4 Nc6 4. d4 cxd4 5. Nxd4 Bg7 6. Be3 Nf6 7. Nc3 d6 8. Be2 Bd7 9. O-O O-O 10. f3 Nxd4 11. Bxd4 Bc6 12. Qd2 a5 13. Rfc1 a4 14. Rab1 Nd7 15. Be3 Nc5 16. Bd1 Qa5 17. b4 axb3 18. axb3 Qa3 19. b4 Ne6 20. b5 Bd7 21. Nd5 Rfe8 22. Nb6 Red8 23. Nxa8 Rxa8 24. c5 dxc5 25. Rb3 Qa5 26. Qxa5 Rxa5 27. b6 h5 28. Kf2 Ra2+ 29. Kf1 h4 30. h3 c4 31. Rxc4 Ra1 32. Rc1 Rxc1 33. Bxc1 Ba4 34. Be3 Bxb3 35. Bxb3 Nd8 36. Ke2 Kf8 37. Kd3 Bf6 38. Bc5 Ne6 39. Be3 Ke8 40. f4 Bb2 41. f5 Nd8 42. Ba4+ Kf8 43. Bh6+ Bg7 44. Bg5 Bf6 45. Bxf6 exf6 46. Kc4 1-0

[Event "Chessemy Open 2022"]
[Site "Reinstorf"]
[Date "2022.02.05"]
[Round "8.22"]
[White "Bergmann, Paul"]
[Black "Hassinger, Jan Lucian"]
[Result "1-0"]
[WhiteElo "1401"]
[BlackElo "1522"]
[Annotator "NA RC"]
[PlyCount "81"]
[EventDate "2022.01.29"]
[EventType "swiss"]
[EventCountry "GER"]
[SourceTitle "playchess.com"]
[Source "ChessBase"]
[SourceQuality "1"]

1. g3 Nf6 2. d4 c6 3. Bg2 d5 4. Nc3 Bf5 5. Nf3 e6 6. Nh4 Bg6 7. Nxg6 hxg6 8. Bd2 Bb4 9. e3 Nbd7 10. Qe2 Qe7 11. O-O-O Nb6 12. b3 a5 13. a4 O-O 14. Na2 Ba3+ 15. Kb1 Rfb8 16. Qe1 Nc4 17. bxc4 b5 18. axb5 dxc4 19. Bxc6 Qc7 20. Ka1 Qxc6 21. bxc6 Bb2+ 22. Kb1 Bxd4+ 23. Nb4 axb4 24. exd4 c3 25. Qe5 Rb6 26. c7 Rba6 27. c8=Q+ Rxc8 28. Qb5 Raa8 29. Bf4 Nd5 30. Qb7 Re8 31. Qxa8 Rxa8 32. Bd6 Ra4 33. Rhe1 Nb6 34. d5 Nc4 35. dxe6 Na3+ 36. Ka2 Nxc2+ 37. Kb3 Nxe1 38. Kxa4 Nd3 39. Rxd3 c2 40. exf7+ Kxf7 41. Bf4 1-0

[Event "Chessemy Open 2022"]
[Site "Reinstorf"]
[Date "2022.02.05"]
[Round "8.23"]
[White "Schell, Franz Juergen"]
[Black "Himpenmacher, Andy"]
[Result "0-1"]
[WhiteElo "1969"]
[BlackElo "2191"]
[Annotator "TA"]
[PlyCount "120"]
[EventDate "2022.01.29"]
[EventType "swiss"]
[EventCountry "GER"]
[SourceTitle "playchess.com"]
[Source "ChessBase"]
[SourceQuality "1"]

1. e4 e6 2. d3 d5 3. Nd2 Nf6 4. Ngf3 c5 5. g3 Nc6 6. Bg2 Be7 7. O-O O-O 8. Re1 b5 9. e5 Nd7 10. Nf1 a5 11. h4 Ba6 12. Bf4 Qb6 13. N1h2 Rfc8 14. Ng4 b4 15. Ng5 Qd8 16. Bh3 Nf8 17. Qd2 Nd4 18. Bg2 Ra7 19. Rac1 Rb7 20. h5 h6 21. Nf3 Nf5 22. Ne3 Nd4 23. Ng4 Nf5 24. Ne3 Nd4 25. Ng4 Nc6 26. Bh3 Nh7 27. Kg2 Bf8 28. c3 bxc3 29. bxc3 Rcb8 30. Rc2 a4 31. Ngh2 a3 32. g4 Be7 33. Rec1 d4 34. Ne1 dxc3 35. Qxc3 Nd4 36. Rd2 Ra7 37. Nhf3 Bb7 38. Kg3 Nb5 39. Qc2 Bd5 40. Be3 Rc8 41. Qd1 Qa5 42. Rdc2 Rac7 43. Nd2 f6 44. Nc4 Qa6 45. Nf3 Ng5 46. Bg2 Nxf3 47. Bxf3 fxe5 48. Bxd5 exd5 49. Nxe5 Bd6 50. f4 d4 51. Bd2 Bxe5 52. fxe5 Qe6 53. Qf3 c4 54. Qf5 Qxf5 55. gxf5 Nc3 56. dxc4 Ne2+ 57. Kf3 Nxc1 58. Bxc1 Rxc4 59. Rxc4 Rxc4 60. Bd2 Rc2 0-1

[Event "Chessemy Open 2022"]
[Site "Reinstorf"]
[Date "2022.02.05"]
[Round "8.24"]
[White "Wronn, Bernd"]
[Black "Riering, Berthold"]
[Result "0-1"]
[WhiteElo "2178"]
[BlackElo "1971"]
[Annotator "TA"]
[PlyCount "115"]
[EventDate "2022.01.29"]
[EventType "swiss"]
[EventCountry "GER"]
[SourceTitle "playchess.com"]
[Source "ChessBase"]
[SourceQuality "1"]

1. e4 c6 2. d4 d5 3. Nc3 dxe4 4. Nxe4 Nf6 5. Nxf6+ exf6 6. Nf3 Bd6 7. Bd3 O-O 8. O-O Bg4 9. h3 Bh5 10. c4 Nd7 11. g4 Bg6 12. Bxg6 hxg6 13. Qb3 Qc7 14. Re1 Rfe8 15. Bd2 Nf8 16. Rac1 Ne6 17. d5 Nc5 18. Qc2 cxd5 19. Rxe8+ Rxe8 20. cxd5 Qd7 21. Be3 b6 22. Nd2 f5 23. Qc4 b5 24. Qf1 Ne4 25. Nxe4 Rxe4 26. Qd3 Ra4 27. b3 Rxa2 28. gxf5 gxf5 29. Qc3 f4 30. Bd4 f6 31. Kg2 Qf5 32. Qc8+ Qxc8 33. Rxc8+ Kf7 34. Kf3 Rd2 35. Bxa7 Rxd5 36. Rd8 Ke7 37. Rg8 g5 38. Ke4 Re5+ 39. Kd4 Ke6 40. Re8+ Kd7 41. Rxe5 fxe5+ 42. Kd5 Kc7 43. f3 Kd7 44. Bf2 Ke7 45. Be1 Bb8 46. Ba5 Kf6 47. Bd8+ Kf5 48. Bb6 Kf6 49. Bf2 Kf5 50. Bc5 Kf6 51. Kc6 e4 52. Kb7 Be5 53. fxe4 f3 54. Bf2 Bc3 55. Kc6 Ke5 56. Kxb5 Bd4 57. Kc4 Bxf2 58. Kd3 0-1

[Event "Chessemy Open 2022"]
[Site "Reinstorf"]
[Date "2022.02.05"]
[Round "8.24"]
[White "Sayas Payyappat"]
[Black "Skopp, Jonathan"]
[Result "1-0"]
[WhiteElo "1223"]
[BlackElo "1466"]
[Annotator "NA RC"]
[PlyCount "73"]
[EventDate "2022.01.29"]
[EventType "swiss"]
[EventCountry "GER"]
[SourceTitle "playchess.com"]
[Source "ChessBase"]
[SourceQuality "1"]

1. b3 d5 2. Bb2 Bf5 3. e3 Nf6 4. f4 e6 5. Nf3 c6 6. h3 h6 7. d3 Nbd7 8. Qd2 Qc7 9. Nc3 Bd6 10. O-O-O O-O-O 11. d4 Qa5 12. g4 Bh7 13. Bd3 Bxd3 14. Qxd3 Bb4 15. Kb1 Kb8 16. Ne2 c5 17. c3 Ba3 18. Ne5 Nxe5 19. fxe5 Ne4 20. Rhf1 Rhf8 21. Bxa3 Qxa3 22. c4 Qb4 23. Kb2 cxd4 24. Qxd4 Nc5 25. cxd5 Qxd4+ 26. exd4 Rxd5 27. dxc5 Rxc5 28. Nf4 Rxe5 29. Ng6 Re2+ 30. Ka3 Rc8 31. Rxf7 Rcc2 32. Rd8+ Rc8 33. Rxc8+ Kxc8 34. Rxg7 Re3 35. h4 Re4 36. g5 hxg5 37. hxg5 1-0

[Event "Chessemy Open 2022"]
[Site "Reinstorf"]
[Date "2022.02.05"]
[Round "8.25"]
[White "Kardoeus, David"]
[Black "Mueller, Christian"]
[Result "1/2-1/2"]
[WhiteElo "2169"]
[BlackElo "2219"]
[Annotator "TA"]
[PlyCount "160"]
[EventDate "2022.01.29"]
[EventType "swiss"]
[EventCountry "GER"]
[SourceTitle "playchess.com"]
[Source "ChessBase"]
[SourceQuality "1"]

1. e4 c5 2. Nf3 g6 3. d4 cxd4 4. Nxd4 Nc6 5. c4 d6 6. Nc3 Nf6 7. Be2 Nxd4 8. Qxd4 Bg7 9. Be3 O-O 10. Qd2 Be6 11. Rc1 Qa5 12. f3 Rfc8 13. b3 a6 14. O-O b5 15. cxb5 axb5 16. Bd4 Bd7 17. Bd1 b4 18. Na4 Rxc1 19. Qxc1 Bxa4 20. bxa4 Nxe4 21. fxe4 Bxd4+ 22. Kh1 Qe5 23. Qc6 Rf8 24. Bb3 e6 25. a5 Qxa5 26. Bxe6 fxe6 27. Rxf8+ Kxf8 28. Qxd6+ Kf7 29. Qd7+ Kf8 30. Qd6+ Kf7 31. Qd7+ Kf8 32. Qxd4 b3 33. Qf2+ Ke7 34. axb3 Qa1+ 35. Qg1 Qa3 36. Qb1 Qb4 37. h3 Kd6 38. Qd3+ Ke5 39. Qg3+ Kd4 40. Kh2 e5 41. Qf3 Qe1 42. Qf7 Qxe4 43. Qc4+ Ke3 44. Qxe4+ Kxe4 45. b4 Kd4 46. Kg3 Kd3 47. b5 e4 48. b6 e3 49. b7 e2 50. b8=Q e1=Q+ 51. Kh2 Qe7 52. Qb1+ Kd4 53. Qd1+ Ke5 54. Qf3 Qg5 55. Qc3+ Ke6 56. Qc4+ Kf6 57. Qc6+ Kg7 58. Qd7+ Kh6 59. Qd6 Kg7 60. g4 h5 61. Qd7+ Kh6 62. Qd4 Kh7 63. Kg3 hxg4 64. hxg4 Qe7 65. Kf4 Qf7+ 66. Kg3 g5 67. Qe4+ Kh6 68. Qh1+ Kg7 69. Qa1+ Kh7 70. Qb1+ Kh6 71. Qb6+ Kh7 72. Qb8 Qf4+ 73. Qxf4 gxf4+ 74. Kxf4 Kg6 75. g5 Kg7 76. Kf5 Kf7 77. g6+ Kg7 78. Kg5 Kg8 79. Kh5 Kg7 80. Kh4 Kxg6 1/2-1/2

[Event "Chessemy Open 2022"]
[Site "Reinstorf"]
[Date "2022.02.05"]
[Round "8.26"]
[White "Lau, Felix"]
[Black "Eilenberg, Jonas"]
[Result "0-1"]
[WhiteElo "1927"]
[BlackElo "2135"]
[Annotator "TA"]
[PlyCount "102"]
[EventDate "2022.01.29"]
[EventType "swiss"]
[EventCountry "GER"]
[SourceTitle "playchess.com"]
[Source "ChessBase"]
[SourceQuality "1"]

1. e4 e6 2. d4 d5 3. Nc3 Nf6 4. e5 Nfd7 5. f4 c5 6. Nce2 Be7 7. c3 Nc6 8. Nf3 O-O 9. g3 cxd4 10. Nexd4 Qb6 11. h4 Nc5 12. Bd3 f6 13. Bxh7+ Kxh7 14. Ng5+ Kg8 15. Qh5 fxg5 16. hxg5 Bxg5 17. fxg5 Nd3+ 18. Kd2 Rf2+ 19. Kxd3 Nxe5+ 20. Ke3 Rf5 21. Qe8+ Rf8 22. Rh8+ Kxh8 23. Qxf8+ Kh7 24. Bd2 Qd6 25. Qe8 Ng4+ 26. Kf3 e5 27. Qh5+ Kg8 28. Qe8+ Kh7 29. Rh1+ Nh6 30. Rxh6+ Qxh6 31. gxh6 Bg4+ 32. Kxg4 Rxe8 33. Nb5 gxh6 34. Nxa7 Ra8 35. Be3 Kg6 36. Bb6 h5+ 37. Kf3 Rf8+ 38. Ke2 Kf5 39. Nb5 Kg4 40. Bf2 Rc8 41. Nd6 Rc7 42. Ne8 Rf7 43. a4 d4 44. cxd4 exd4 45. Nd6 d3+ 46. Kxd3 Rxf2 47. b4 Rf3+ 48. Kd4 Kxg3 49. Nxb7 h4 50. a5 h3 51. a6 h2 0-1

[Event "Chessemy Open 2022"]
[Site "Reinstorf"]
[Date "2022.02.05"]
[Round "8.27"]
[White "Jalving, August"]
[Black "Chennaoui, Yasin"]
[Result "0-1"]
[WhiteElo "1835"]
[BlackElo "2123"]
[Annotator "TA"]
[PlyCount "64"]
[EventDate "2022.01.29"]
[EventType "swiss"]
[EventCountry "GER"]
[SourceTitle "playchess.com"]
[Source "ChessBase"]
[SourceQuality "1"]

1. g3 g6 2. Bg2 Bg7 3. c4 d6 4. Nc3 c5 5. e3 Nc6 6. Nge2 Nf6 7. d4 cxd4 8. Nxd4 Bd7 9. O-O h5 10. b4 h4 11. b5 Na5 12. Qa4 hxg3 13. hxg3 Rc8 14. Ba3 Nxc4 15. Bb4 a5 16. Ba3 Nxe3 17. fxe3 Rxc3 18. Bxb7 Rxe3 19. Rf3 Ng4 20. Rxe3 Nxe3 21. Re1 Qb6 22. Bb2 Qxb7 23. Nc6 Bxb2 24. Rxe3 Bf6 25. Re2 Bxc6 26. bxc6 Qb1+ 27. Kf2 Rh2+ 28. Ke3 Bg5+ 29. Kd4 Qb6+ 30. Kd3 Qa6+ 31. Kc3 Bf6+ 32. Kb3 Qd3# 0-1

[Event "Chessemy Open 2022"]
[Site "Reinstorf"]
[Date "2022.02.05"]
[Round "8.27"]
[White "Hildebrand, Georg"]
[Black "Kewe, Stefan"]
[Result "0-1"]
[WhiteElo "1482"]
[BlackElo "1814"]
[Annotator "NA RC"]
[PlyCount "102"]
[EventDate "2022.01.29"]
[EventType "swiss"]
[EventCountry "GER"]
[SourceTitle "playchess.com"]
[Source "ChessBase"]
[SourceQuality "1"]

1. d4 f5 2. Bf4 Nf6 3. e3 d6 4. Be2 g6 5. Nd2 Bg7 6. c3 Be6 7. h3 O-O 8. Ngf3 h6 9. O-O Nbd7 10. Bh2 Qe8 11. Ne1 g5 12. f4 Nd5 13. Bh5 Bf7 14. Bxf7+ Qxf7 15. Nc2 Qg6 16. Qf3 c6 17. Rae1 g4 18. hxg4 fxg4 19. Qe4 Rf5 20. Bg3 Kh7 21. Qd3 Rf6 22. Qxg6+ Rxg6 23. e4 N5f6 24. f5 Rg5 25. e5 dxe5 26. dxe5 Nd5 27. Ne4 Rh5 28. c4 N5b6 29. f6 exf6 30. exf6 Bf8 31. b3 Kg6 32. Ne3 Ra5 33. a4 h5 34. Bd6 Bxd6 35. Nxd6 Nxf6 36. Nxb7 Rg5 37. Nd6 h4 38. Ne4 Nxe4 39. Rf4 Nf6 40. Ref1 Nbd7 41. Nf5 h3 42. Ne7+ Kf7 43. Nxc6 h2+ 44. Kh1 g3 45. Rf5 Rxf5 46. Rxf5 Re8 47. Rf1 Kg6 48. Nxa7 Ng4 49. Nc6 Nf2+ 50. Rxf2 Re1+ 51. Rf1 Rxf1# 0-1

[Event "Chessemy Open 2022"]
[Site "Reinstorf"]
[Date "2022.02.05"]
[Round "8.28"]
[White "Reichmann, Felix"]
[Black "Gressmann, Moritz"]
[Result "1/2-1/2"]
[WhiteElo "1807"]
[BlackElo "2114"]
[Annotator "TA"]
[PlyCount "90"]
[EventDate "2022.01.29"]
[EventType "swiss"]
[EventCountry "GER"]
[SourceTitle "playchess.com"]
[Source "ChessBase"]
[SourceQuality "1"]

1. c4 e5 2. Nc3 Nf6 3. Nf3 Nc6 4. e4 Bb4 5. d3 d6 6. a3 Bxc3+ 7. bxc3 h6 8. h3 Ne7 9. g3 a6 10. a4 Bd7 11. Bg2 b5 12. axb5 axb5 13. Rxa8 Qxa8 14. cxb5 Bxb5 15. c4 Bc6 16. O-O O-O 17. Be3 Rb8 18. Qa1 Qb7 19. Nd2 Ra8 20. Qc3 Ra2 21. Ra1 Qa8 22. Rxa2 Qxa2 23. d4 Nxe4 24. Nxe4 Qb1+ 25. Kh2 Bxe4 26. f3 Qd3 27. Qxd3 Bxd3 28. dxe5 Bxc4 29. exd6 cxd6 30. f4 f5 31. Kg1 Kf7 32. Kf2 Bd5 33. Bf1 Ke6 34. Bd4 g6 35. Bb5 Bb7 36. Bc4+ Bd5 37. Bb5 Bb7 38. Bc4+ d5 39. Bb5 Bc6 40. Ba6 Bd7 41. Bb7 Bc6 42. Ba6 Kf7 43. h4 h5 44. Ke3 Ba4 45. Bb7 Bc6 1/2-1/2

[Event "Chessemy Open 2022"]
[Site "Reinstorf"]
[Date "2022.02.05"]
[Round "8.28"]
[White "Bonatis, Reiner"]
[Black "Mohammadi, Sholeh"]
[Result "1/2-1/2"]
[WhiteElo "1713"]
[BlackElo "1162"]
[Annotator "NA RC"]
[PlyCount "98"]
[EventDate "2022.01.29"]
[EventType "swiss"]
[EventCountry "GER"]
[SourceTitle "playchess.com"]
[Source "ChessBase"]
[SourceQuality "1"]

1. c4 c5 2. Nc3 Nc6 3. g3 e5 4. Bg2 Nf6 5. d3 Be7 6. e3 a6 7. Nge2 h6 8. O-O O-O 9. f4 d6 10. d4 cxd4 11. exd4 exd4 12. Nxd4 Nxd4 13. Qxd4 Rb8 14. Qa7 Qc7 15. Be3 Bf5 16. b3 Rfe8 17. Bd4 Qd7 18. Rfe1 Kh7 19. Rad1 Bh3 20. Bh1 Bg4 21. Rd3 Bf5 22. Rde3 Ng8 23. Nd5 Be6 24. Kf2 Nf6 25. Nxf6+ Bxf6 26. Bxf6 gxf6 27. Qd4 f5 28. Rd3 Rbd8 29. Red1 d5 30. cxd5 Bxd5 31. Qxd5 Qe6 32. Qxe6 fxe6 33. Rxd8 Re7 34. R1d7 Rg7 35. Rxg7+ Kxg7 36. Rd7+ Kg6 37. Rxb7 Kh5 38. Bf3+ Kg6 39. Rb6 Kf6 40. Bd5 a5 41. Rxe6+ Kg7 42. h4 h5 43. Re7+ Kg6 44. Bf7+ Kf6 45. Ra7 a4 46. Bxh5 axb3 47. axb3 Ke6 48. g4 fxg4 49. Bxg4+ Kf6 1/2-1/2

[Event "Chessemy Open 2022"]
[Site "Reinstorf"]
[Date "2022.02.05"]
[Round "8.29"]
[White "Pellicoro, Nathalie"]
[Black "Koellner, Christof"]
[Result "0-1"]
[WhiteElo "1835"]
[BlackElo "2122"]
[Annotator "TA"]
[PlyCount "94"]
[EventDate "2022.01.29"]
[EventType "swiss"]
[EventCountry "GER"]
[SourceTitle "playchess.com"]
[Source "ChessBase"]
[SourceQuality "1"]

1. e4 c5 2. Nf3 e6 3. c3 Qa5 4. Bd3 b5 5. O-O Bb7 6. Bc2 d6 7. d4 Nd7 8. Re1 Qc7 9. Nbd2 g6 10. Nf1 Bg7 11. Bf4 e5 12. dxe5 dxe5 13. Bd2 Nb6 14. Qe2 Bc6 15. Rad1 Nf6 16. Bc1 O-O 17. b3 c4 18. Ba3 Rfd8 19. Rxd8+ Rxd8 20. N3d2 cxb3 21. Bxb3 a5 22. f3 Be8 23. Bb2 a4 24. Bd1 Bh6 25. Ne3 Qc5 26. Ndf1 Nh5 27. Qf2 a3 28. Bc1 Nf4 29. Ng4 Qxf2+ 30. Nxf2 Nxg2 31. Bxh6 Nxe1 32. Be2 f6 33. Bd2 Nc2 34. Bd3 Nc4 35. Bc1 Ne1 36. Be2 Nb2 37. h3 Ned3 38. Nxd3 Nxd3 39. Bxa3 Nf4 40. Ng3 Ra8 41. Bc5 Nxh3+ 42. Kf1 Rxa2 43. Bd1 Bf7 44. Ke1 Nf4 45. Be7 Kg7 46. Ne2 Nd3+ 47. Kf1 Ra1 0-1